Szervezetek fejlődése és növekedése az Alukonstrukt Kft példájának bemutatásával

Elmentve itt :
Bibliográfiai részletek
Szerző: Temesvári Anita
További közreműködők: Imreh Szabolcs (Témavezető)
Dokumentumtípus: Szakdolgozat
Megjelent: 2019
Tárgyszavak:
Online Access:http://diploma.bibl.u-szeged.hu/86841
LEADER 00768nta a2200181 i 4500
001 dipl86841
005 20200515063016.0
008 200515s2019 hu om 0|| zxx d
040 |a SZTE Diploma Repozitórium  |b hun 
041 |a zxx 
100 1 |a Temesvári Anita 
245 1 0 |a Szervezetek fejlődése és növekedése az Alukonstrukt Kft példájának bemutatásával  |h [elektronikus dokumentum] /  |c Anita Temesvári 
246 1 0 |a The development and qrowth of organizations demonstratied by the example of Alukonstrukt Ltd.  |h [elektronikus dokumentum] 
260 |c 2019 
650 4 |a Gazdaságtudományok 
650 4 |a Economics and business 
700 1 |a Imreh Szabolcs  |e ths 
856 4 0 |u http://diploma.bibl.u-szeged.hu/id/eprint/86841/1/2019_temesvari_anita.pdf  |z Dokumentum-elérés